=LDR 00000nam 2200000 4500 =001 INLIS000000000055823 =005 20200806081530 =035 ##$$a 0010-0720000127 =007 ta =008 200806################g##########0#ind## =020 ##$$a 979-3018-32-1 =082 ##$$a 2x9.604 =084 ##$$a 2x9.604 RAY i =100 1#$$a Rayis, Muhammad Dhia'udin =245 1#$$a Islam dan Khilafah di zaman modern /$c Muhammad Dhia' uddin ar-Rayis =250 ##$$a cet.1 =260 ##$$a Jakarta :$b Lentera,$c 2002 =300 ##$$a 256 hlm., ; $c 14 x 24 cm =600 #4$$a Islam-pekembangan =990 ##$$a 0001/BPAP-NTB/20142015 =990 ##$$a 1200300436 =990 ##$$a 10311548